000 00447nam a2200133 a 4500
008 120416s1963 ||||||||||||||||| || u
050 _aTA 710 Ros
100 _aRosenak, Sidney
245 1 0 _aSoil mechanics
260 _aLondon
_bB.T. Batsford
_c1963
300 _ax, 198p. : ill.
350 _a0.00
995 _D0.00
_FCBU-MAIN LIBRARY (Kitwe)
_H1
_I2.50
_M1
_UDAMAGED
_ZMain Library Open Access Collection
999 _c57839
_d57839